Countries of Southern Africa - Statistics

General Stats
  • This quiz has been taken 48 times
  • The average score is 6 of 7
Answer Stats
Countries of Southern Africa % Correct
South Africa
100%
Lesotho
90%
Namibia
83%
Botswana
81%
Eswatini
81%
Zimbabwe
81%
Zambia
76%
No matching quizzes found
Score Distribution
Percent of People with Each Score
Percentile by Number Answered
Your Score History
You have not taken this quiz